00550nam a2200229Ia 450000500170000000800460001702000180006303700100008104000080009104000080009904000080010704100080011504100080012308400080013110000220013924500610016126000230022226000090024536500050025436500080025985600530026720260324115403.0008 260324s9999 xx 000 0 eng d a9781351255875 aEBOOK aCRL beng cCRL 2eng aeng qCRL aFinlay MacRitchie 4aThe Need for Critical Thinking and the Scientific Method bTaylor and Francis c2018 a b320 uhttp://www.taylorfrancis.com/books/9781351255875